000 00634nam a2200205Ia 4500
008 130821s2004 ag gr spa
020 _a9509714976
040 _aCo-BoUCM
_bspa
041 0 0 _aspa
100 1 _aArazi, Roland
_9162237
245 1 3 _aLa prueba en el proceso civil
_cRoland Arazi
260 _aBuenos Aires (Argentina)
_bEdiciones La Rocca
_c2004
300 _a487 páginas
504 _aIncluye bibliografĂ­a
650 0 4 _aDerecho civil
_912711
650 0 4 _aDerecho probatorio
_912821
650 0 4 _aPrueba (Derecho)
_922726
942 _cLIBRO
_a8
_e1
_mA663p
_2DEWEY
_h347.06
999 _c47733
_d47733